000 00609nam a2200241Ia 4500
003 OSt
005 20221005132753.0
006 a|||||r|||| 00| 0
007 ta
008 221004b |||||||| |||| 00| 0 tam d
024 _a50498
037 _cTextual
040 _aCRL
_cCRL
_btam
041 _2tam
_atam
082 _aO31,3NPAN,4, K6
100 _aPanchapakesan Au.
_9641608
245 0 _aUyirc chutargal
260 _c1966
650 _a TAMIL LITERATURE
650 _aTAMIL FICTION
942 _hO31,3NPAN,4, K6
_cTEXL
_2cc
999 _c1064750
_d1064750